000 00494nam a22001817a 4500
005 20251108164049.0
008 250721s1984 xx 000 0 ara d
082 1 4 _a001.94/راج
100 1 _aعنايت، راجي
245 1 0 _aرجل يعرف كل الأسرار /
250 _aط2.
264 1 _aالقاهرة :
_bدار الشروق،
_c1984.
300 _a158ص.
490 0 _aأغرب من الخيال
650 1 7 _aعجائب و غرائب
942 _2ddc
_cBK
999 _c2703
_d2703